000 01117nam a2200313 a 4500
001 18281
003 BD-RjUL
005 20211209000249.0
008 140220s1962 enkab 001 0 eng d
035 _a(BD-RjUL)18339
040 _aDLC
_cWSU
_dOCL
_dm.c
_dBD-RjUL
_beng
041 _aeng
082 _a333.760
_bWAL 1962
100 1 _aWarriner, Doreen,
_d1904-
_911550
245 1 0 _aLand reform and development in the Middle East :
_ba study of Egypt, Syria, and Iraq /
_cby Doreen Warriner.
250 _a2nd ed.
260 _aLondon :
_bOxford University Press,
_c1962
300 _axi, 238 p. :
_bill. ;
_c23 cm.
500 _aPrevious ed. published 1957.
500 _a"Issued under the auspices of the Royal Institute of International Affairs." - t.p.
504 _aIncludes bibliographical references and index.
650 0 _aLand reform
_zMiddle East.
_911552
650 0 _aLand tenure
_zMiddle East.
_911551
651 0 _aMiddle East
_xRural conditions.
_911553
710 2 _aRoyal Institute of International Affairs.
_956280
942 _2ddc
_cBK
999 _c18281
_d18281